Poweringthe light to learn : (Record no. 22551)
[ view plain ]
| 000 -LEADER | |
|---|---|
| fixed length control field | 00475nam a22001337a 4500 |
| 005 - DATE AND TIME OF LATEST TRANSACTION | |
| control field | 20241015092112.0 |
| 008 - FIXED-LENGTH DATA ELEMENTS--GENERAL INFORMATION | |
| fixed length control field | 241015b |||||||| |||| 00| 0 eng d |
| 100 ## - MAIN ENTRY--PERSONAL NAME | |
| Personal name | Williams, Amy. |
| Relator term | author. |
| 9 (RLIN) | 62921 |
| 245 ## - TITLE STATEMENT | |
| Title | Poweringthe light to learn : |
| Remainder of title | empower playground / |
| Statement of responsibility, etc. | Amy Williams. |
| 260 ## - PUBLICATION, DISTRIBUTION, ETC. (IMPRINT) | |
| Place of publication, distribution, etc. | Washington; |
| Name of publisher, distributor, etc. | Taylor & Francis Group, |
| Date of publication, distribution, etc. | November-December 2020. |
| 300 ## - PHYSICAL DESCRIPTION | |
| Extent | Volume 96, pages 6-13, |
| Other physical details | illustration. |
| 700 ## - ADDED ENTRY--PERSONAL NAME | |
| Personal name | Williams, Amy. |
| Relator term | author. |
| 9 (RLIN) | 62920 |
| 942 ## - ADDED ENTRY ELEMENTS (KOHA) | |
| Source of classification or shelving scheme | Dewey Decimal Classification |
| Koha item type | Periodicals |
No items available.
